| 000 | 00599nam a2200229Ia 4500 | ||
|---|---|---|---|
| 003 | OSt | ||
| 005 | 20220928104216.0 | ||
| 006 | a|||||r|||| 00| 0 | ||
| 007 | ta | ||
| 008 | 220927b |||||||| |||| 00| 0 eng d | ||
| 024 | _a60199 | ||
| 037 | _cTextual | ||
| 040 |
_aSDCL _cSDCL _beng |
||
| 041 |
_2eng _aeng |
||
| 082 | _aR693, P2 | ||
| 100 |
_aRaynade B B _9409638 |
||
| 245 | 0 | _aJaina Philosophy religion and ethics . | |
| 260 |
_aDelhi _bBharatiya vidya Prakashan _c2002 |
||
| 300 |
_a272p. _ccm. |
||
| 942 |
_hR693, P2 _cTEXL _2CC |
||
| 999 |
_c725203 _d725203 |
||